<?xml version="1.0" encoding="UTF-8"?>
<record
    xmlns:xsi="http://www.w3.org/2001/XMLSchema-instance"
    xsi:schemaLocation="http://www.loc.gov/MARC21/slim http://www.loc.gov/standards/marcxml/schema/MARC21slim.xsd"
    xmlns="http://www.loc.gov/MARC21/slim">

  <leader>07241nam a2201165 i 4500</leader>
  <controlfield tag="001">0006192834</controlfield>
  <controlfield tag="003">OSt</controlfield>
  <controlfield tag="005">20260530100940.0</controlfield>
  <controlfield tag="008">190927m20199999onca   j 6    000 | fre  </controlfield>
  <datafield tag="020" ind1=" " ind2=" ">
    <subfield code="a">9781443192514</subfield>
    <subfield code="q">(vol. 5)</subfield>
  </datafield>
  <datafield tag="040" ind1=" " ind2=" ">
    <subfield code="a">QMBN</subfield>
    <subfield code="b">fre</subfield>
    <subfield code="e">rda</subfield>
    <subfield code="c">QMBN</subfield>
    <subfield code="d">QMBND</subfield>
  </datafield>
  <datafield tag="050" ind1=" " ind2="4">
    <subfield code="a">PZ23.7</subfield>
  </datafield>
  <datafield tag="082" ind1="0" ind2="4">
    <subfield code="a">BD PEL v.5</subfield>
    <subfield code="b">P388t</subfield>
    <subfield code="2">23/fre/202312</subfield>
  </datafield>
  <datafield tag="091" ind1="0" ind2=" ">
    <subfield code="a">TIM</subfield>
  </datafield>
  <datafield tag="100" ind1="1" ind2=" ">
    <subfield code="a">Pelletier, Dominique,</subfield>
    <subfield code="d">1975-</subfield>
    <subfield code="e">auteur</subfield>
    <subfield code="e">artiste</subfield>
  </datafield>
  <datafield tag="245" ind1="1" ind2="4">
    <subfield code="a">Les timbr&#xE9;s / 5. La momie spatio-temporelle</subfield>
    <subfield code="c">Dom Pelletier</subfield>
  </datafield>
  <datafield tag="264" ind1=" " ind2="1">
    <subfield code="a">Toronto (Ontario) Canada :</subfield>
    <subfield code="b">Scholastic,</subfield>
    <subfield code="c">[2019]-</subfield>
  </datafield>
  <datafield tag="300" ind1=" " ind2=" ">
    <subfield code="a">volumes :</subfield>
    <subfield code="b">principalement des illustrations en couleur ;</subfield>
    <subfield code="c">23 cm</subfield>
  </datafield>
  <datafield tag="336" ind1=" " ind2=" ">
    <subfield code="a">image fixe</subfield>
    <subfield code="b">sti</subfield>
    <subfield code="2">rdacontent</subfield>
  </datafield>
  <datafield tag="336" ind1=" " ind2=" ">
    <subfield code="a">texte</subfield>
    <subfield code="b">txt</subfield>
    <subfield code="2">rdacontent</subfield>
  </datafield>
  <datafield tag="337" ind1=" " ind2=" ">
    <subfield code="a">sans m&#xEF;&#xBF;&#xBD;diation</subfield>
    <subfield code="b">n</subfield>
    <subfield code="2">rdamedia</subfield>
  </datafield>
  <datafield tag="338" ind1=" " ind2=" ">
    <subfield code="a">volume</subfield>
    <subfield code="b">nc</subfield>
    <subfield code="2">rdacarrier</subfield>
  </datafield>
  <datafield tag="505" ind1="1" ind2="0">
    <subfield code="g">1.</subfield>
    <subfield code="t">Le navet spatial --</subfield>
    <subfield code="g">2.</subfield>
    <subfield code="t">Le Rodri-Garou.</subfield>
    <subfield code="g">2020 --</subfield>
    <subfield code="g">3.</subfield>
    <subfield code="t">Le cadeau mutant.</subfield>
    <subfield code="g">2020 --</subfield>
    <subfield code="g">4.</subfield>
    <subfield code="t">Les traces du Bigfoot.</subfield>
    <subfield code="g">2021 --</subfield>
    <subfield code="g">5.</subfield>
    <subfield code="t">La momie spatio-temporelle.</subfield>
    <subfield code="g">2022 --</subfield>
    <subfield code="g">6.</subfield>
    <subfield code="t">Le myst&#xEF;&#xBF;&#xBD;re du marais --</subfield>
    <subfield code="g">7.</subfield>
    <subfield code="t">Le 13e signe.</subfield>
    <subfield code="g">2023 --</subfield>
    <subfield code="g">8.</subfield>
    <subfield code="t">Quel casse-t&#xEF;&#xBF;&#xBD;te.</subfield>
    <subfield code="g">2024 --</subfield>
    <subfield code="g">9.</subfield>
    <subfield code="t">Le voyage sanglant.</subfield>
    <subfield code="g">2025</subfield>
  </datafield>
  <datafield tag="521" ind1=" " ind2=" ">
    <subfield code="a">Pour les jeunes</subfield>
  </datafield>
  <datafield tag="650" ind1=" " ind2="7">
    <subfield code="a">&#xEF;&#xBF;&#xBD;coles</subfield>
    <subfield code="v">Bandes dessin&#xEF;&#xBF;&#xBD;es</subfield>
    <subfield code="2">vmj</subfield>
  </datafield>
  <datafield tag="650" ind1=" " ind2="7">
    <subfield code="a">Philat&#xEF;&#xBF;&#xBD;lie</subfield>
    <subfield code="v">Bandes dessin&#xEF;&#xBF;&#xBD;es</subfield>
    <subfield code="2">vmj</subfield>
  </datafield>
  <datafield tag="650" ind1=" " ind2="7">
    <subfield code="a">Concierges</subfield>
    <subfield code="v">Bandes dessin&#xEF;&#xBF;&#xBD;es</subfield>
    <subfield code="2">vmj</subfield>
  </datafield>
  <datafield tag="650" ind1=" " ind2="7">
    <subfield code="a">Intimidation</subfield>
    <subfield code="v">Bandes dessin&#xEF;&#xBF;&#xBD;es</subfield>
    <subfield code="2">vmj</subfield>
  </datafield>
  <datafield tag="650" ind1=" " ind2="7">
    <subfield code="a">Extraterrestres</subfield>
    <subfield code="v">Bandes dessin&#xEF;&#xBF;&#xBD;es</subfield>
    <subfield code="2">vmj</subfield>
  </datafield>
  <datafield tag="650" ind1=" " ind2="7">
    <subfield code="a">Loups-garous</subfield>
    <subfield code="v">Bandes dessin&#xEF;&#xBF;&#xBD;es</subfield>
    <subfield code="2">vmj</subfield>
  </datafield>
  <datafield tag="650" ind1=" " ind2="7">
    <subfield code="a">M&#xEF;&#xBF;&#xBD;tamorphose</subfield>
    <subfield code="v">Bandes dessin&#xEF;&#xBF;&#xBD;es</subfield>
    <subfield code="2">vmj</subfield>
  </datafield>
  <datafield tag="650" ind1=" " ind2="7">
    <subfield code="a">Halloween</subfield>
    <subfield code="v">Bandes dessin&#xEF;&#xBF;&#xBD;es</subfield>
    <subfield code="2">vmj</subfield>
  </datafield>
  <datafield tag="650" ind1=" " ind2="7">
    <subfield code="a">Vengeance</subfield>
    <subfield code="v">Bandes dessin&#xEF;&#xBF;&#xBD;es</subfield>
    <subfield code="2">vmj</subfield>
  </datafield>
  <datafield tag="650" ind1=" " ind2="7">
    <subfield code="a">Cadeaux</subfield>
    <subfield code="v">Bandes dessin&#xEF;&#xBF;&#xBD;es</subfield>
    <subfield code="2">vmj</subfield>
  </datafield>
  <datafield tag="650" ind1=" " ind2="7">
    <subfield code="a">No&#xEF;&#xBF;&#xBD;l</subfield>
    <subfield code="v">Bandes dessin&#xEF;&#xBF;&#xBD;es</subfield>
    <subfield code="2">vmj</subfield>
  </datafield>
  <datafield tag="650" ind1=" " ind2="7">
    <subfield code="a">Tromperie</subfield>
    <subfield code="v">Bandes dessin&#xEF;&#xBF;&#xBD;es</subfield>
    <subfield code="2">vmj</subfield>
  </datafield>
  <datafield tag="650" ind1=" " ind2="7">
    <subfield code="a">Voyages dans le temps</subfield>
    <subfield code="v">Bandes dessin&#xEF;&#xBF;&#xBD;es</subfield>
    <subfield code="2">vmj</subfield>
  </datafield>
  <datafield tag="650" ind1=" " ind2="7">
    <subfield code="a">Camping</subfield>
    <subfield code="v">Bandes dessin&#xEF;&#xBF;&#xBD;es</subfield>
    <subfield code="2">vmj</subfield>
  </datafield>
  <datafield tag="650" ind1=" " ind2="7">
    <subfield code="a">Sasquatch</subfield>
    <subfield code="v">Bandes dessin&#xEF;&#xBF;&#xBD;es</subfield>
    <subfield code="2">vmj</subfield>
  </datafield>
  <datafield tag="650" ind1=" " ind2="7">
    <subfield code="a">Momies</subfield>
    <subfield code="z">&#xEF;&#xBF;&#xBD;gypte</subfield>
    <subfield code="v">Bandes dessin&#xEF;&#xBF;&#xBD;es</subfield>
    <subfield code="2">vmj</subfield>
  </datafield>
  <datafield tag="650" ind1=" " ind2="7">
    <subfield code="a">Vacances</subfield>
    <subfield code="v">Bandes dessin&#xEF;&#xBF;&#xBD;es</subfield>
    <subfield code="2">vmj</subfield>
  </datafield>
  <datafield tag="650" ind1=" " ind2="7">
    <subfield code="a">Argent de poche</subfield>
    <subfield code="v">Bandes dessin&#xEF;&#xBF;&#xBD;es</subfield>
    <subfield code="2">vmj</subfield>
  </datafield>
  <datafield tag="650" ind1=" " ind2="7">
    <subfield code="a">B&#xEF;&#xBF;&#xBD;n&#xEF;&#xBF;&#xBD;volat</subfield>
    <subfield code="v">Bandes dessin&#xEF;&#xBF;&#xBD;es</subfield>
    <subfield code="2">vmj</subfield>
  </datafield>
  <datafield tag="650" ind1=" " ind2="7">
    <subfield code="a">Marais</subfield>
    <subfield code="v">Bandes dessin&#xEF;&#xBF;&#xBD;es</subfield>
    <subfield code="2">vmj</subfield>
  </datafield>
  <datafield tag="650" ind1=" " ind2="7">
    <subfield code="a">Environnement</subfield>
    <subfield code="x">Protection</subfield>
    <subfield code="v">Bandes dessin&#xEF;&#xBF;&#xBD;es</subfield>
    <subfield code="2">vmj</subfield>
  </datafield>
  <datafield tag="650" ind1=" " ind2="7">
    <subfield code="a">&#xEF;&#xBF;&#xBD;tangs</subfield>
    <subfield code="v">Bandes dessin&#xEF;&#xBF;&#xBD;es</subfield>
    <subfield code="2">vmj</subfield>
  </datafield>
  <datafield tag="650" ind1=" " ind2="7">
    <subfield code="a">Monstres</subfield>
    <subfield code="v">Bandes dessin&#xEF;&#xBF;&#xBD;es</subfield>
    <subfield code="2">vmj</subfield>
  </datafield>
  <datafield tag="650" ind1=" " ind2="7">
    <subfield code="a">Astrologie</subfield>
    <subfield code="v">Bandes dessin&#xEF;&#xBF;&#xBD;es</subfield>
    <subfield code="2">vmj</subfield>
  </datafield>
  <datafield tag="650" ind1=" " ind2="7">
    <subfield code="a">Enfants et personnes &#xEF;&#xBF;&#xBD;g&#xEF;&#xBF;&#xBD;es</subfield>
    <subfield code="v">Bandes dessin&#xEF;&#xBF;&#xBD;es</subfield>
    <subfield code="2">vmj</subfield>
  </datafield>
  <datafield tag="650" ind1=" " ind2="7">
    <subfield code="a">Sorci&#xEF;&#xBF;&#xBD;res</subfield>
    <subfield code="v">Bandes dessin&#xEF;&#xBF;&#xBD;es</subfield>
    <subfield code="2">vmj</subfield>
  </datafield>
  <datafield tag="650" ind1=" " ind2="7">
    <subfield code="a">Manipulation (Psychologie)</subfield>
    <subfield code="v">Bandes dessin&#xEF;&#xBF;&#xBD;es</subfield>
    <subfield code="2">vmj</subfield>
  </datafield>
  <datafield tag="650" ind1=" " ind2="7">
    <subfield code="a">Constellations</subfield>
    <subfield code="v">Bandes dessin&#xEF;&#xBF;&#xBD;es</subfield>
    <subfield code="2">vmj</subfield>
  </datafield>
  <datafield tag="650" ind1=" " ind2="7">
    <subfield code="a">Zones souterraines</subfield>
    <subfield code="v">Bandes dessin&#xEF;&#xBF;&#xBD;es</subfield>
    <subfield code="2">vmj</subfield>
  </datafield>
  <datafield tag="650" ind1=" " ind2="7">
    <subfield code="a">Magie</subfield>
    <subfield code="v">Bandes dessin&#xEF;&#xBF;&#xBD;es</subfield>
    <subfield code="2">vmj</subfield>
  </datafield>
  <datafield tag="650" ind1=" " ind2="7">
    <subfield code="a">Roches</subfield>
    <subfield code="v">Bandes dessin&#xEF;&#xBF;&#xBD;es</subfield>
    <subfield code="2">vmj</subfield>
  </datafield>
  <datafield tag="650" ind1=" " ind2="7">
    <subfield code="a">Fant&#xEF;&#xBF;&#xBD;mes</subfield>
    <subfield code="v">Bandes dessin&#xEF;&#xBF;&#xBD;es</subfield>
    <subfield code="2">vmj</subfield>
  </datafield>
  <datafield tag="650" ind1=" " ind2="7">
    <subfield code="a">Objets perdus</subfield>
    <subfield code="v">Bandes dessin&#xEF;&#xBF;&#xBD;es</subfield>
    <subfield code="2">vmj</subfield>
  </datafield>
  <datafield tag="650" ind1=" " ind2="7">
    <subfield code="a">Casse-t&#xEF;&#xBF;&#xBD;te</subfield>
    <subfield code="v">Bandes dessin&#xEF;&#xBF;&#xBD;es</subfield>
    <subfield code="2">vmj</subfield>
  </datafield>
  <datafield tag="650" ind1=" " ind2="7">
    <subfield code="a">M&#xEF;&#xBF;&#xBD;tamorphose</subfield>
    <subfield code="v">Bandes dessin&#xEF;&#xBF;&#xBD;es</subfield>
    <subfield code="2">vmj</subfield>
  </datafield>
  <datafield tag="655" ind1=" " ind2="7">
    <subfield code="a">Bandes dessin&#xEF;&#xBF;&#xBD;es d'aventures</subfield>
    <subfield code="2">rvmgf</subfield>
  </datafield>
  <datafield tag="655" ind1=" " ind2="7">
    <subfield code="a">Bandes dessin&#xEF;&#xBF;&#xBD;es de science-fiction</subfield>
    <subfield code="2">rvmgf</subfield>
  </datafield>
  <datafield tag="655" ind1=" " ind2="7">
    <subfield code="a">Bandes dessin&#xEF;&#xBF;&#xBD;es humoristiques</subfield>
    <subfield code="2">rvmgf</subfield>
  </datafield>
  <datafield tag="655" ind1=" " ind2="7">
    <subfield code="a">Documents pour la jeunesse</subfield>
    <subfield code="2">rvmgf</subfield>
  </datafield>
  <datafield tag="740" ind1="0" ind2="2">
    <subfield code="a">Navet spatial</subfield>
  </datafield>
  <datafield tag="740" ind1="0" ind2="2">
    <subfield code="a">Rodri-Garou</subfield>
  </datafield>
  <datafield tag="740" ind1="0" ind2="2">
    <subfield code="a">Cadeau mutant</subfield>
  </datafield>
  <datafield tag="740" ind1="0" ind2="2">
    <subfield code="a">Traces du Bigfoot</subfield>
  </datafield>
  <datafield tag="740" ind1="0" ind2="2">
    <subfield code="a">Momie spatio-temporelle</subfield>
  </datafield>
  <datafield tag="740" ind1="0" ind2="2">
    <subfield code="a">Myst&#xEF;&#xBF;&#xBD;re du marais</subfield>
  </datafield>
  <datafield tag="740" ind1="0" ind2="2">
    <subfield code="a">13e signe</subfield>
  </datafield>
  <datafield tag="740" ind1="0" ind2="2">
    <subfield code="a">Quel casse-t&#xEF;&#xBF;&#xBD;te</subfield>
  </datafield>
  <datafield tag="740" ind1="0" ind2="2">
    <subfield code="a">Voyage sanglant</subfield>
  </datafield>
  <datafield tag="942" ind1=" " ind2=" ">
    <subfield code="2">ddc</subfield>
    <subfield code="c">BD</subfield>
  </datafield>
  <datafield tag="999" ind1=" " ind2=" ">
    <subfield code="c">18869</subfield>
    <subfield code="d">18869</subfield>
  </datafield>
  <datafield tag="952" ind1=" " ind2=" ">
    <subfield code="0">0</subfield>
    <subfield code="1">0</subfield>
    <subfield code="2">ddc</subfield>
    <subfield code="4">0</subfield>
    <subfield code="7">0</subfield>
    <subfield code="a">HENRYVILLE</subfield>
    <subfield code="b">HENRYVILLE</subfield>
    <subfield code="d">2026-05-30</subfield>
    <subfield code="l">0</subfield>
    <subfield code="o">BD PEL v.5</subfield>
    <subfield code="p">30001030026852</subfield>
    <subfield code="r">2026-05-30 10:09:59</subfield>
    <subfield code="w">2026-05-30</subfield>
    <subfield code="y">BD</subfield>
  </datafield>
</record>
